Welcome to the Holygrace Academy Library

Please use search bar below to get started

CBSE SOLVED PAPERS COMPUTER SCIENCE C++ (Record no. 586)

MARC details
000 -LEADER
fixed length control field 00338nam a22001217a 4500
082 ## - DEWEY DECIMAL CLASSIFICATION NUMBER
Classification number 000
Item number OSW/C
100 ## - MAIN ENTRY--AUTHOR NAME
Personal name OSWAAL BOOKS
245 ## - TITLE STATEMENT
Title CBSE SOLVED PAPERS COMPUTER SCIENCE C++
Remainder of title CHAPTERWISE AND TOPICWISE CLASS XII
260 ## - PUBLICATION, DISTRIBUTION, ETC. (IMPRINT)
Place of publication AGRA
Name of publisher OSWAAL BOOKS
Year of publication 2019
300 ## - PHYSICAL DESCRIPTION
Number of Pages 216
650 ## - SUBJECT ADDED ENTRY--TOPICAL TERM
Topical Term SOLVED C++ CS PAPERS FOR CLASS XII
Geographic subdivision INDIA
942 ## - ADDED ENTRY ELEMENTS (KOHA)
Koha item type Books
Holdings
Withdrawn status Lost status Collection code Home library Current library Shelving location Date acquired Source of acquisition Cost, normal purchase price Full call number Accession Number Koha item type
    Reference Main Library Main Library SHELF 10 A PLUS 2 COMPUTER SCIENCE & INFORMATIC PRACTICE 21/10/2018 purchase 299.00 000 OSW/C 10329 Books